Spaces of early childhood: Spatial approaches in research on early childhood education and care

Bibliographic Details
Main Authors: Bollig, Sabine (Author), Millei, Zsuzsa (Author)
Format: Article
Language:English
ISSN:ISSN 1338-1563 (print), ISSN 1338-2144 (online)
Subjects:

MARC

LEADER 00000nab a2200000 4500
001 vtls011787706
003 SK-MaSNL
005 20260303193101.0
008 181025|2017 xo |||| ||an ||00 0|eng
015 |a SNBRB2018/10 
040 |a SPKCL  |b slo  |e rda 
041 |a eng  |b eng 
044 |a xo  |c SK 
072 7 |a 373.2/.3  |x Predškolská a primárna výchova a vzdelávanie  |2 konspekt 
080 |a 373.2  |2 2011 
100 1 |a Bollig, Sabine  |4 aut  |9 1223971 
245 1 0 |a Spaces of early childhood: Spatial approaches in research on early childhood education and care  |c Sabine Bollig, Zsuzsa Millei 
336 |a text  |b txt  |2 rdacontent 
337 |a bez média  |b n  |2 rdamedia 
338 |a zväzok  |b nc  |2 rdacarrier 
504 |a Obsahuje bibliografiu 
546 |a Anglické resumé 
650 0 7 |a primárne vzdelávanie  |2 SNKPH  |9 182208 
700 1 |a Millei, Zsuzsa  |4 aut  |9 353075 
773 0 |t Journal of Pedagogy  |g Roč. 9, č. 1 (2018), s. 5-20  |x ISSN 1338-1563 (print), ISSN 1338-2144 (online) 
958 |a NB 
999 |c 2150417  |d 2152347